[Event "Hampstead U2200 July 2013"]
[Site "Hampstead, UK"]
[Date "2013.07.20"]
[Round "3"]
[White "Karia, Rishul"]
[Black "Haridas, Girinath"]
[Result "0-1"]
[WhiteElo "1490"]
[BlackElo "1755"]
[EventRounds "5"]

1. e4 c5 2. Nc3 Nc6 3. Bc4 e6 4. d3 g6 5. Nge2 Bg7 6. O-O Nge7 7. Bd2 O-O 8.
f4 d5 9. Bb5 Nd4 10. Nxd4 Bxd4+ 11. Kh1 a6 12. Ba4 b5 13. Bxb5 axb5 14. Nxb5
Bxb2 15. Rb1 Bg7 16. a3 Qd7 17. Rb3 Ba6 18. Nc3 c4 19. Rb4 cxd3 20. cxd3 Bxd3
21. Rf3 dxe4 22. Rh3 Nd5 23. Nxd5 exd5 24. Rb3 Rfc8 25. Qe1 Qg4 26. Rg3 Qe2
27. Qxe2 Bxe2 28. Rg5 d4 29. h3 e3 30. Be1 Rc1 31. Kh2 Rxe1 32. Rd5 d3 33. Rd7
d2 34. Rbb7 Bc4 {#R} 0-1

[Event "Hampstead U2200 July 2013"]
[Site "Hampstead, UK"]
[Date "2013.07.20"]
[Round "3"]
[White "Breindel, Jake"]
[Black "Oyama, Harunobu"]
[Result "1-0"]
[WhiteElo "1786"]
[BlackElo "1598"]
[EventRounds "5"]

1. e4 c5 2. Nf3 Nc6 3. d4 cxd4 4. Nxd4 Nf6 5. Nc3 g6 6. Bc4 Bg7 7. Be3 Qa5 8.
O-O O-O 9. Bb3 d6 10. h3 Qh5 11. Qxh5 Nxh5 12. Rad1 Na5 13. Nd5 Nxb3 14. Nxe7+
Kh8 15. axb3 Bd7 16. f3 Rfe8 17. Nd5 Rac8 18. c3 Nf6 19. Nxf6 Bxf6 20. Ne2 Rc6
21. Bxa7 Be6 22. Bd4 Bxd4+ 23. Nxd4 Rb6 24. Nxe6 Rxe6 25. b4 Kg7 26. Rd5 Kf6
27. Kf2 Ke7 28. Re1 Kd7 29. e5 Kc6 30. Rxd6+ Rxd6 31. exd6 Kxd6 32. Rd1+ Kc6
33. Rd8 f5 34. Rf8 Kb5 35. Ke3 Kc4 36. Rf7 h5 37. Rd7 Kb3 38. Rd2 Ra6 39. Kf4
b5 40. Kg5 Ra2 41. Kxg6 Rxb2 42. Rxb2+ Kxb2 43. g4 fxg4 44. fxg4 hxg4 45. hxg4
Kxc3 46. Kf6 Kxb4 47. g5 Kc3 48. g6 b4 49. g7 b3 50. g8=Q b2 51. Qc8+ Kd2 52.
Qd7+ Kc1 53. Qc6+ Kd2 54. Qd5+ Kc1 55. Qc4+ Kd2 56. Qb3 Kc1 57. Qc3+ Kb1 58.
Ke5 Ka2 59. Qc2 Ka1 60. Qa4+ Kb1 61. Qb3 Kc1 62. Qc3+ Kb1 63. Kd4 Ka2 64. Qc2
Ka1 65. Qa4+ Kb1 66. Kc3 {#r} 1-0

[Event "Hampstead U2200 July 2013"]
[Site "Hampstead, UK"]
[Date "2013.07.20"]
[Round "3"]
[White "Gergelova, Monika"]
[Black "Brozel, Sacha"]
[Result "0-1"]
[WhiteElo "1297"]
[BlackElo "1706"]
[EventRounds "5"]

1. d4 Nf6 2. Nf3 g6 3. Bg5 Bg7 4. e3 O-O 5. Bd3 d6 6. c4 c5 7. O-O Bg4 8. Nbd2
Nc6 9. Qb3 cxd4 10. Nxd4 Qc8 11. Ne4 Nd7 12. Nxc6 Qxc6 13. Bxe7 Rfe8 14. Bxd6
Rxe4 15. Bxe4 Qxd6 16. Qc2 Nc5 17. Bd5 Rc8 18. f3 Be6 19. Rad1 Qb6 20. b3 Na6
21. Rfe1 Bxd5 22. Rxd5 Nb4 23. Qe4 Nxd5 24. cxd5 Qd6 25. Qd3 f5 26. f4 Rd8 27.
Qb5 Qxd5 28. Qxd5+ Rxd5 29. Kf2 Rd2+ 30. Re2 Rxe2+ 31. Kxe2 Kf7 32. Kd3 Ke6
33. Kc4 Bb2 34. a4 Bc1 35. Kd3 Kd5 36. b4 Ba3 37. b5 Kc5 38. h3 Kb4 39. g4
Kxa4 40. b6 axb6 41. e4 fxe4+ 42. Kxe4 Bb2 43. h4 b5 44. f5 gxf5+ 45. Kxf5 b4
46. Ke4 b3 47. Kd3 Ka3 48. Kd2 Ka2 49. h5 Bf6 {#R} 0-1

[Event "Hampstead U2200 July 2013"]
[Site "Hampstead, UK"]
[Date "2013.07.20"]
[Round "3"]
[White "Nayak, Raghav"]
[Black "Chauhan, Pranay"]
[Result "1-0"]
[WhiteElo "1602"]
[BlackElo "1450"]
[EventRounds "5"]

1. e4 e6 2. d4 d5 3. Nd2 Nf6 4. e5 Nfd7 5. f4 c5 6. c3 Nc6 7. Ndf3 Qb6 8. Ne2
cxd4 9. cxd4 Be7 10. Nc3 a6 11. Be2 O-O 12. O-O f6 13. Kh1 Qc7 14. Qe1 fxe5
15. fxe5 b5 16. Qg3 Bb7 17. Bh6 Rf7 18. Ng5 Rxf1+ 19. Rxf1 Bxg5 20. Qxg5 Nf8
21. Bh5 g6 22. Rf6 Ne7 23. g4 Qc4 24. Qf4 Nd7 25. Rf7 Re8 26. Rg7+ Kh8 27. Qf7
Nf8 28. Rxh7+ Nxh7 29. Qg7# 1-0

[Event "Hampstead U2200 July 2013"]
[Site "Hampstead, UK"]
[Date "2013.07.20"]
[Round "3"]
[White "Balouka Myers, Gabriel"]
[Black "Hung, Jake"]
[Result "1-0"]
[WhiteElo "1548"]
[BlackElo "1657"]
[EventRounds "5"]

1. d4 d5 2. c4 c6 3. Nc3 Nf6 4. Nf3 Bg4 5. Bf4 e6 6. h3 Bh5 7. a3 Bd6 8. Bxd6
Qxd6 9. e3 O-O 10. Bd3 Nbd7 11. O-O dxc4 12. Bxc4 b5 13. Be2 a6 14. Qc2 Rfc8
15. Rfd1 Qe7 16. Rac1 c5 17. Ne4 cxd4 18. Nxf6+ Nxf6 19. Qxc8+ Rxc8 20. Rxc8+
Ne8 21. Rxd4 f6 22. Rdd8 g5 23. Nd4 Bf7 24. Nc6 Qf8 25. Bd1 Kg7 26. b4 a5 27.
Bb3 axb4 28. axb4 Kh6 29. Bxe6 Bxe6 30. Rxe8 Qd6 31. Red8 {#r} 1-0

[Event "Hampstead U2200 July 2013"]
[Site "Hampstead, UK"]
[Date "2013.07.20"]
[Round "3"]
[White "Larios, Rafael"]
[Black "Gribben, Chris"]
[Result "0-1"]
[WhiteElo "1610"]
[BlackElo "1506"]
[EventRounds "5"]

1. e4 e6 2. d4 d5 3. Nc3 dxe4 4. Nxe4 Nd7 5. Nf3 Ngf6 6. Bg5 Be7 7. Nxf6+ Nxf6
8. Bxf6 Bxf6 9. Ne5 O-O 10. Bd3 Bxe5 11. Bxh7+ Kxh7 12. Qh5+ Kg8 13. dxe5 Qd5
14. O-O b6 15. Rad1 Qe4 16. Rfe1 Qf5 17. Qh4 Bb7 18. Rd3 Qh7 19. Qe7 Qg6 20.
Rg3 Qxc2 21. Qg5 Qg6 22. Qe3 Qh7 23. Rh3 Qg6 24. f3 Rfd8 25. Rg3 Qd3 26. Qg5
Qh7 27. Rh3 Qg6 28. Qh4 Kf8 29. Qh8+ Ke7 30. Qh4+ f6 31. exf6+ Qxf6 32. Qg4
Qd4+ {#R} 0-1

[Event "Hampstead U2200 July 2013"]
[Site "Hampstead, UK"]
[Date "2013.07.20"]
[Round "3"]
[White "Ivanov, Elizabeth"]
[Black "Hung, Dylan"]
[Result "1-0"]
[WhiteElo "1602"]
[BlackElo "1490"]
[EventRounds "5"]

1. e4 c6 2. d4 d5 3. e5 Bf5 4. Nf3 e6 5. c3 c5 6. Qb3 b6 7. Be3 Nd7 8. Bb5 Qc7
9. O-O Rd8 10. Nbd2 Ne7 11. Qa4 cxd4 12. cxd4 Bc2 13. Qa6 Nc6 14. b3 Bf5 15.
Rac1 Ndb8 16. Qa4 Rc8 17. Nh4 Bg6 18. Nxg6 hxg6 19. Rc2 Qb7 20. Rfc1 a6 21.
Bxc6+ Rxc6 22. Rxc6 b5 23. Rc8+ Kd7 24. Qa5 Bb4 25. R1c7+ Qxc7 26. Qxc7# 1-0

[Event "Hampstead U2200 July 2013"]
[Site "Hampstead, UK"]
[Date "2013.07.20"]
[Round "3"]
[White "Macdonald, John"]
[Black "Lewis, Timothy"]
[Result "1-0"]
[WhiteElo "1602"]
[BlackElo "1322"]
[EventRounds "5"]

1. e4 e5 2. f4 exf4 3. Nf3 Nf6 4. Nc3 Nc6 5. d4 Bb4 6. Bd3 Bxc3+ 7. bxc3 d5 8.
e5 Ne4 9. Bxf4 Nxc3 10. Qd2 Ne4 11. Qe3 Nc3 12. O-O Nb4 13. Bg5 Qd7 14. a3
Nxd3 15. cxd3 h6 16. Bh4 O-O 17. Be1 Nb5 18. a4 b6 19. axb5 Qxb5 20. Bg3 Re8
21. Rfb1 Qc6 22. Rc1 Qd7 23. Qf4 Ba6 24. Rxa6 Qb5 25. Raa1 Qxd3 26. Rxc7 Rf8
27. Qg4 Qe3+ 28. Bf2 Qd3 29. e6 Qg6 30. exf7+ Kh7 31. Qxg6+ Kxg6 32. Ne5+ Kh7
33. Rac1 g6 34. Bh4 a5 35. R1c6 Rab8 36. Nxg6 {#r} 1-0

[Event "Hampstead U2200 July 2013"]
[Site "Hampstead, UK"]
[Date "2013.07.20"]
[Round "3"]
[White "Karia, Kamlesh"]
[Black "Byrne, Ken J"]
[Result "1/2-1/2"]
[WhiteElo "1570"]
[BlackElo "1194"]
[EventRounds "5"]

1. e4 d6 2. d4 Nf6 3. Bd3 g6 4. c3 Nbd7 5. Bg5 Bg7 6. Nf3 c5 7. O-O h6 8. Bh4
g5 9. Bg3 Nh5 10. Bb5 Nxg3 11. fxg3 Qb6 12. Bc4 Qxb2 13. Bxf7+ Kd8 14. Nbd2
Qxc3 15. Kh1 Bxd4 16. Rc1 Qa5 17. Nxd4 cxd4 18. Nc4 Qa6 19. Qxd4 Rf8 20. Ne3
e5 21. Qc3 Nc5 22. Bc4 Rxf1+ 23. Bxf1 Qxa2 24. Nf5 Bxf5 25. exf5 Qb3 26. Qa1
Ke7 27. Bc4 Qe3 28. Rf1 Qe4 29. f6+ Kf8 30. Qa2 a6 31. Bg8 Qg6 32. f7 Rc8 33.
Rc1 Rd8 34. Qd2 d5 35. Rxc5 Qb1+ 36. Qc1 Qxc1+ 37. Rxc1 d4 38. Re1 d3 39. Rd1
d2 40. Kg1 e4 41. Kf2 Rd4 42. Ke3 Rd3+ 43. Kxe4 Rd8 44. Ke3 a5 45. Rxd2 Rxd2
46. Kxd2 b5 47. Bh7 Kxf7 48. Bb1 Ke6 49. Ba2+ Kd6 50. Kc3 Kc5 51. Kd3 a4 {#d}
1/2-1/2

[Event "Hampstead U2200 July 2013"]
[Site "Hampstead, UK"]
[Date "2013.07.20"]
[Round "3"]
[White "Klingher, Bernard"]
[Black "Balouka Myers, Reuben"]
[Result "0-1"]
[WhiteElo "1034"]
[BlackElo "1564"]
[EventRounds "5"]

1. Nf3 f5 2. g3 g6 3. Bg2 Bg7 4. c3 Nf6 5. Qb3 e6 6. d4 O-O 7. Bg5 Kh8 8. O-O
Qe8 9. Bxf6 Bxf6 10. Nbd2 d6 11. e4 fxe4 12. Nxe4 Bg7 13. Neg5 Bf6 14. Rae1
Bxg5 15. Nxg5 d5 16. c4 Rf5 17. f4 h6 18. cxd5 hxg5 19. dxe6 c6 20. e7 Rb5 21.
Qc3 Na6 22. d5+ Kh7 23. d6 gxf4 24. Qf6 Rf5 25. Qh4+ Kg7 26. gxf4 Rf6 27. Re5
Rxd6 28. Be4 Re6 29. Qg5 Rxe5 30. Qxe5+ Kh7 31. Qf6 Bg4 32. Qh4+ Bh5 33. f5
Kg7 34. f6+ Kf7 35. Rf2 Qd7 36. Qg5 Qg4+ 37. Qxg4 Bxg4 38. Rf4 Bh5 39. Bg2 Nc7
40. h4 Nd5 41. Bxd5+ cxd5 42. Kf2 Rc8 43. Ke3 Rc4 44. Rxc4 dxc4 45. Ke4 Bg4
46. Ke5 Bd7 47. Kd6 Bc6 48. Kc7 Kxf6 49. Kd8 Kf7 50. b3 c3 51. a4 c2 52. b4
c1=Q 53. b5 Qd2+ 54. Kc8 Qd7+ 55. Kb8 Bd5 56. Kxa7 Qc7 57. b6 Qc5 58. a5 Qxa5+
59. Kb8 Qxb6 60. h5 Qd6+ 61. Kc8 Be6+ 62. Kxb7 Bd5+ 63. Ka7 Qb4 64. Ka6 Bc6
65. Ka7 Qb7# 0-1

[Event "Hampstead U2200 July 2013"]
[Site "Hampstead, UK"]
[Date "2013.07.21"]
[Round "4"]
[White "Madynski, Pawel"]
[Black "Balakrishnan, Naveen K"]
[Result "1-0"]
[WhiteElo "2092"]
[BlackElo "2026"]
[EventRounds "5"]

1. Nc3 c5 2. e4 d6 3. f4 Nf6 4. Nf3 g6 5. Bb5+ Nc6 6. Bxc6+ bxc6 7. d3 Bg7 8.
O-O O-O 9. Qe1 Qb6 10. Kh1 c4 11. dxc4 Ba6 12. e5 Ne8 13. b3 Nc7 14. Ba3 Rfe8
15. Rd1 Rad8 16. Na4 Qb8 17. Qh4 Ne6 18. exd6 exd6 19. f5 gxf5 20. Qh5 Nf8 21.
Ng5 Qc7 22. Bxd6 Rxd6 23. Rxd6 Qxd6 24. Qxf7+ Kh8 25. Qxe8 Qf6 26. Nf3 Qd6 27.
Re1 c5 28. Ne5 Qd2 29. Nf3 Qd6 30. Qe7 Qc6 31. Qxc5 Qf6 32. Qe7 Qc6 33. Ne5
{#r} 1-0

[Event "Hampstead U2200 July 2013"]
[Site "Hampstead, UK"]
[Date "2013.07.21"]
[Round "4"]
[White "Peat, Matthew"]
[Black "Botteley, Michael T"]
[Result "1-0"]
[WhiteElo "2091"]
[BlackElo "1910"]
[EventRounds "5"]

1. d4 Nf6 2. c4 d6 3. Nc3 g6 4. e4 Bg7 5. h3 O-O 6. Be3 c6 7. Nf3 Qa5 8. Qd2
Nbd7 9. a3 a6 10. b4 Qc7 11. Be2 b6 12. O-O c5 13. d5 Re8 14. Bf4 Bb7 15. Rad1
Rad8 16. Rfe1 Bh8 17. Bf1 Nh5 18. Be3 Nhf6 19. g4 cxb4 20. axb4 b5 21. cxb5
Nxg4 22. Bd4 Nge5 23. Nxe5 Nxe5 24. Qe3 Nc4 25. Bxc4 Qxc4 26. Bxh8 Kxh8 27.
bxa6 Bxa6 28. b5 Bb7 29. Rd4 Qc5 30. Rb1 e5 31. Rd3 Qxe3 32. Rxe3 Ra8 33. Nd1
f5 34. f3 Rec8 35. Reb3 fxe4 36. fxe4 Rc4 37. Nf2 Ra2 38. R3b2 Ra3 39. Kg2
Rcc3 40. b6 Kg7 41. Rf1 Rcb3 42. Rfb1 Rc3 43. h4 Kh6 44. Ng4+ Kg7 45. Nf2 Kh6
46. Ng4+ Kg7 47. Kf2 Rf3+ 48. Ke2 h5 49. Nf2 Rfc3 50. Kd2 Rf3 51. Kc1 Rac3+
52. Kd1 Kh6 53. Rc1 Rb3 54. Rcc2 g5 55. hxg5+ Kxg5 56. Kc1 h4 57. Nd1 h3 58.
Rc7 Rxb2 59. Kxb2 h2 60. Rh7 Rf7 61. Rxh2 Ba6 62. Rg2+ Kh6 63. Re2 Bb7 64. Ne3
Kg5 65. Rg2+ Kh6 66. Nf5+ Rxf5 67. exf5 Bxd5 68. Rg6+ {#r} 1-0

[Event "Hampstead U2200 July 2013"]
[Site "Hampstead, UK"]
[Date "2013.07.21"]
[Round "4"]
[White "Oyama, Akito"]
[Black "Lees, Fraser"]
[Result "1-0"]
[WhiteElo "1966"]
[BlackElo "1802"]
[EventRounds "5"]

1. e4 b6 2. d4 Bb7 3. Bd3 Nf6 4. Qe2 e6 5. Nf3 h6 6. O-O c5 7. d5 Qc7 8. c4 e5
9. Nh4 d6 10. f4 Nbd7 11. Nf5 O-O-O 12. b3 g6 13. fxe5 gxf5 14. exf6 fxe4 15.
Qxe4 Ne5 16. Bb2 Re8 17. Rf5 h5 18. Bxe5 Rxe5 19. Rxe5 dxe5 20. Nd2 Rh6 21.
Qf5+ Kb8 22. Nf3 Bd6 23. Qg5 Rh8 24. Re1 Rd8 25. Qxh5 b5 26. Ng5 bxc4 27. bxc4
Qa5 28. Qe2 Qc7 29. Ne4 Bf8 30. Qd2 Bd6 31. h4 Rg8 32. Qh6 Qd8 33. Qh5 Qa5 34.
Re2 Qa3 35. Qxf7 Rf8 36. Qe6 Bc7 37. Qh3 Qc1+ 38. Kh2 Bc8 39. Qe3 Qa3 40. g3
Bg4 41. Rf2 Qa4 42. Qxc5 Rf7 43. Qb5+ Qxb5 44. cxb5 Bb6 45. Rf1 Bh5 46. Ng5
Rf8 47. Ne6 Rf7 48. Kh3 Rb7 49. g4 Bf7 50. g5 Rd7 51. Bc4 Bh5 52. Ng7 Bf7 53.
h5 Rc7 54. g6 Bxg6 55. hxg6 Rxc4 56. f7 Rc3+ 57. Kg4 Rc4+ 58. Kf5 Bc5 59. Ne6
Be7 60. g7 {#r} 1-0

[Event "Hampstead U2200 July 2013"]
[Site "Hampstead, UK"]
[Date "2013.07.21"]
[Round "4"]
[White "Allison, Conrad"]
[Black "Hayward, Alan"]
[Result "1-0"]
[WhiteElo "1885"]
[BlackElo "1954"]
[EventRounds "5"]

1. e4 d5 2. exd5 Nf6 3. d4 Bg4 4. f3 Bf5 5. Bb5+ Nbd7 6. c4 a6 7. Bxd7+ Qxd7
8. Ne2 e6 9. dxe6 Bxe6 10. d5 Bf5 11. O-O Bc5+ 12. Kh1 O-O-O 13. Nbc3 h6 14.
a3 Rhe8 15. Nd4 Bh7 16. b4 Ba7 17. b5 a5 18. Nc6 bxc6 19. bxc6 Qf5 20. Qb3 Bb6
21. Qb5 Kb8 22. Rb1 Qc8 23. Bf4 Ka7 24. c5 Bxb1 25. cxb6+ cxb6 26. Rxb1 Qa6
27. Qb3 Ka8 28. h3 Re7 29. d6 Re6 30. Nb5 Rc8 31. d7 {#r} 1-0

[Event "Hampstead U2200 July 2013"]
[Site "Hampstead, UK"]
[Date "2013.07.21"]
[Round "4"]
[White "Porter, Sam J"]
[Black "Landau, Jonathan"]
[Result "1/2-1/2"]
[WhiteElo "1870"]
[BlackElo "1922"]
[EventRounds "5"]

1. Nf3 Nc6 2. g3 e5 3. d3 d5 4. Bg2 Nf6 5. O-O Be7 6. c4 d4 7. a3 a5 8. b3 O-O
9. Bb2 Re8 10. Nbd2 Bf5 11. Qc2 h6 12. Ne1 Bg6 13. e3 dxe3 14. fxe3 Ng4 15.
Rf3 Nxe3 16. Rxe3 Bc5 17. Nf1 Nd4 18. Qd1 Nf5 19. Qe2 Nxe3 20. Nxe3 e4 21. d4
Bxd4 22. Bxd4 Qxd4 23. Rd1 Qb6 24. Rb1 Rad8 25. Kh1 c6 26. b4 axb4 27. axb4
Qd4 28. c5 Qc3 29. Nc4 e3 30. Rb2 Bd3 31. Nxd3 Rxd3 32. Rc2 Qa1+ 33. Bf1 Rd1
34. Kg2 Re1 35. Qf3 Re6 36. Bd3 Rg1+ 37. Kh3 Qd4 38. Bf5 Qf6 39. Qf4 Re8 40.
Re2 g6 41. Bd7 Qxf4 42. gxf4 Re7 43. Bg4 Rb1 44. Kg3 Rxb4 45. Rxe3 Rxe3+ 46.
Nxe3 Rb5 47. Bc8 Kf8 48. f5 Ke8 49. Nc4 Kd8 50. fxg6 fxg6 51. Be6 Rxc5 52. Nd6
Kc7 53. Ne8+ Kb6 54. Nf6 Rg5+ 55. Kf4 Kb5 56. Ne4 Rg1 57. h4 c5 58. Ke5 Re1
59. Kd5 Rd1+ 60. Ke5 Re1 61. Kd5 Rh1 62. Bf7 Rxh4 63. Bxg6 Rxe4 64. Bxe4 Kb4
65. Bg6 b5 66. Be8 c4 67. Kd4 Ka4 68. Kc3 Ka5 69. Bf7 Kb6 70. Bxc4 bxc4 71.
Kxc4 Kc6 72. Kd4 Kd6 73. Ke4 Ke6 74. Kf4 Kf6 75. Kg4 Kg6 76. Kh3 Kg5 77. Kh2
Kg4 78. Kg2 h5 79. Kh2 h4 80. Kg2 h3+ 81. Kh2 Kh4 82. Kh1 Kg3 83. Kg1 Kf3 84.
Kh2 Kg4 85. Kg1 {#d} 1/2-1/2

[Event "Hampstead U2200 July 2013"]
[Site "Hampstead, UK"]
[Date "2013.07.21"]
[Round "4"]
[White "Pattni, Kishan"]
[Black "Nixon, Rodney J"]
[Result "0-1"]
[WhiteElo "1727"]
[BlackElo "1971"]
[EventRounds "5"]

1. f4 e6 2. Nf3 b6 3. b3 Qf6 4. d4 Bb7 5. e3 Nc6 6. Bb2 Nge7 7. Nc3 Nd5 8.
Nxd5 exd5 9. Bb5 Qe7 10. Qe2 f6 11. O-O O-O-O 12. a4 Re8 13. Rfe1 h6 14. Bxc6
dxc6 15. Qd3 g5 16. c4 Qh7 17. Qxh7 Rxh7 18. Bc3 Bd6 19. g3 c5 20. Nd2 cxd4
21. exd4 Rxe1+ 22. Rxe1 gxf4 23. gxf4 Bxf4 24. Re8+ Kd7 25. Rg8 Re7 26. Bb4
Re2 27. Rg7+ Ke8 28. Nf1 dxc4 29. bxc4 a5 30. Ba3 Ra2 31. Rg4 h5 {#R} 0-1

[Event "Hampstead U2200 July 2013"]
[Site "Hampstead, UK"]
[Date "2013.07.21"]
[Round "4"]
[White "Lim, Mark"]
[Black "Wadsworth, Matthew"]
[Result "0-1"]
[WhiteElo "1843"]
[BlackElo "2136"]
[EventRounds "5"]

1. e4 e6 2. d3 d5 3. Nd2 c5 4. g3 Nc6 5. Bg2 Nf6 6. Ngf3 Bd6 7. O-O O-O 8. Re1
Qc7 9. Qe2 Nd7 10. c3 d4 11. Nc4 e5 12. Nh4 Be7 13. Nf5 b5 14. Nxe7+ Nxe7 15.
Na3 a6 16. f4 Bb7 17. Bd2 Nc6 18. Rac1 dxc3 19. bxc3 Qd6 20. Nc2 Rad8 21. Rcd1
Nb6 22. Bf1 f6 23. f5 Qe7 24. h4 Rd7 25. Qg2 Qf7 26. a3 c4 27. dxc4 Nxc4 28.
Bxc4 Qxc4 29. Nb4 Na5 30. Qe2 Rfd8 31. Kf2 Qxe2+ 32. Rxe2 Nb3 33. Ke1 Nc5 34.
Rb1 Nxe4 35. Rb2 Nxg3 36. Rf2 Ne4 37. Re2 a5 38. Na2 Nxd2 39. Rxb5 Ba6 40.
Rxa5 Bxe2 41. Kxe2 Nc4 {#R} 0-1

[Event "Hampstead U2200 July 2013"]
[Site "Hampstead, UK"]
[Date "2013.07.21"]
[Round "4"]
[White "Ismailov, Roman"]
[Black "Parry, Jacques"]
[Result "1-0"]
[WhiteElo "2073"]
[BlackElo "1762"]
[EventRounds "5"]

1. d4 Nf6 2. c4 e6 3. Nc3 Bb4 4. Qc2 b6 5. e4 Bxc3+ 6. bxc3 d6 7. Bd3 e5 8.
Ne2 O-O 9. O-O Nbd7 10. f4 Bb7 11. Ng3 Re8 12. Bb2 Nf8 13. Rae1 Ng6 14. Bc1
Qd7 15. h3 Rad8 16. Qf2 Rf8 17. fxe5 dxe5 18. Bg5 Nf4 19. Bxf4 exf4 20. Qxf4
Qc6 21. Nf5 Rd7 22. Qg5 g6 23. Nh6+ Kg7 24. Nf5+ Kg8 25. Re2 Nh5 26. Ref2 Kh8
27. Nh6 f6 28. Qe3 Ng7 29. Ng4 Rdf7 30. Qe2 Nh5 31. Qc2 Qe8 32. Ne3 Ng3 33.
Nd5 Bxd5 34. cxd5 Nxf1 35. Rxf1 Qd7 36. c4 Kg7 37. Qc3 Qe7 38. Re1 Qd7 39. e5
Qd8 40. Bc2 Kg8 41. Bb3 Qc8 42. e6 Re7 43. c5 Rd8 44. Qg3 Qb7 45. d6 cxd6 46.
cxd6 Ree8 47. e7+ {#r} 1-0

[Event "Hampstead U2200 July 2013"]
[Site "Hampstead, UK"]
[Date "2013.07.21"]
[Round "4"]
[White "Farzaliyev, Kanan"]
[Black "Haridas, Girinath"]
[Result "1-0"]
[WhiteElo "2050"]
[BlackElo "1755"]
[EventRounds "5"]

1. e4 c5 2. Nf3 d6 3. d4 cxd4 4. Nxd4 Nf6 5. Nc3 g6 6. Be3 Bg7 7. f3 O-O 8.
Qd2 Nc6 9. Bc4 Bd7 10. O-O-O Rb8 11. Bb3 Na5 12. Bh6 b5 13. Bxg7 Kxg7 14. h4
e5 15. Nde2 b4 16. Nd5 Nxb3+ 17. axb3 Qa5 18. Kb1 Nxd5 19. Qxd5 Qxd5 20. Rxd5
Rb6 21. Rhd1 Bb5 22. Ng3 Rc8 23. Rxd6 Rb7 24. R6d5 f6 25. Nf1 a6 26. Ne3 Rbc7
27. R1d2 Rf8 28. Rd6 Rb7 29. Nd5 a5 30. Ne3 Rc8 31. Rd8 Rcc7 32. Ra8 Ra7 33.
Rxa7 Rxa7 34. c4 Bc6 35. Rd6 Rc7 36. Nd5 Bxd5 37. exd5 Kf7 38. Ra6 Rc5 39.
Ra7+ Ke8 40. Rxh7 a4 41. Rb7 axb3 42. Rxb4 f5 43. Kc1 Kd7 44. Kd2 Rc8 45. Kc3
Rh8 46. c5 f4 47. Rb7+ Kc8 48. Re7 Rxh4 49. Rxe5 Rh1 50. Kxb3 Rg1 51. Rg5 Rc1
52. Kb4 Rc2 53. b3 Rd2 54. d6 Rd4+ 55. Kb5 Rd3 56. b4 Kb8 57. Rxg6 Ka8 58. Kb6
{#r} 1-0

[Event "Hampstead U2200 July 2013"]
[Site "Hampstead, UK"]
[Date "2013.07.21"]
[Round "4"]
[White "Puiu, Claudiu"]
[Black "Levene, Joseph"]
[Result "0-1"]
[WhiteElo "1930"]
[BlackElo "1729"]
[EventRounds "5"]

1. d4 d5 2. Bf4 Nf6 3. Nf3 c5 4. e3 Qb6 5. b3 Nc6 6. Bd3 Bg4 7. c3 e6 8. O-O
Be7 9. h3 Bh5 10. Nbd2 O-O 11. Rc1 Rac8 12. Qe1 Nd7 13. e4 cxd4 14. exd5 exd5
15. Nxd4 Ba3 16. Nxc6 Qxc6 17. Rc2 Rce8 18. Qb1 Nc5 19. Bf5 Be2 20. b4 Qf6 21.
Be3 Qxf5 22. Bxc5 Bd3 23. Qb3 Bxc2 24. Qxa3 Bd3 25. Rc1 Re2 26. Nf1 Rfe8 27.
Ng3 Re1+ 28. Kh2 Qd7 29. Rxe1 Rxe1 30. Qxa7 Re8 31. a4 f5 32. Bd4 g6 33. Qb6
f4 34. Qf6 fxg3+ 35. fxg3 Rf8 36. Qh8+ Kf7 37. Qf6+ Kg8 38. Qh8+ Kf7 39. Qf6+
Ke8 40. Qe5+ Qe7 41. Qxd5 Be4 42. Qa5 Qd8 {#R} 0-1

[Event "Hampstead U2200 July 2013"]
[Site "Hampstead, UK"]
[Date "2013.07.21"]
[Round "4"]
[White "Pein, Jonathan"]
[Black "Reddiar, Gautham"]
[Result "1-0"]
[WhiteElo "1834"]
[BlackElo "1882"]
[EventRounds "5"]

1. e4 e6 2. d4 d5 3. e5 c5 4. c3 Nc6 5. Nf3 Qb6 6. Be2 cxd4 7. cxd4 Nh6 8. Bd3
Bd7 9. Bc2 Rc8 10. Nc3 Ng8 11. O-O Nge7 12. g3 Nb4 13. Bb1 Bb5 14. Nxb5 Qxb5
15. a3 Nbc6 16. Bd3 Qb6 17. b4 a5 18. Rb1 axb4 19. axb4 Nxb4 20. Ng5 Nec6 21.
Qh5 g6 22. Qf3 Rc7 23. Qf6 Rg8 24. Nxe6 Re7 25. Nxf8 Rxf8 26. Ba3 Qa5 27. Bxb4
Nxb4 28. Rfc1 Re6 29. Qg5 f6 30. Qg4 f5 31. Qh4 Rf7 32. Rc5 Qb6 33. Rb5 Qc7
34. R5xb4 b6 35. Ra4 Kf8 36. Qh6+ Ke7 37. Qh4+ Kf8 38. Qh6+ Ke7 39. Qd2 Kf8
40. Rc1 Qd7 41. Qb4+ Kg7 42. Bb5 Qb7 43. Qc3 Qb8 44. Qc8 Qxc8 45. Rxc8 Ree7
46. Rd8 {#r} 1-0

[Event "Hampstead U2200 July 2013"]
[Site "Hampstead, UK"]
[Date "2013.07.21"]
[Round "4"]
[White "Millward, David J"]
[Black "Verma, Aditya"]
[Result "1-0"]
[WhiteElo "1998"]
[BlackElo "1616"]
[EventRounds "5"]

1. e4 e5 2. Nf3 Nc6 3. Bb5 a6 4. Ba4 Nf6 5. O-O Be7 6. Re1 b5 7. Bb3 O-O 8. d4
d6 9. c3 Bg4 10. Be3 Na5 11. dxe5 Bxf3 12. Qxf3 dxe5 13. Rd1 Qc8 14. Nd2 Ng4
15. Bc2 Nxe3 16. Qxe3 Bd6 17. b4 Nb7 18. Bb3 Nd8 19. Nf1 Nc6 20. Bd5 Qd7 21.
Ng3 Rad8 22. Nf5 g6 23. Qh6 gxf5 24. Rd3 Kh8 25. Qf6+ Kg8 26. Rg3# 1-0

[Event "Hampstead U2200 July 2013"]
[Site "Hampstead, UK"]
[Date "2013.07.21"]
[Round "4"]
[White "Sagues, Vincent"]
[Black "Nayak, Raghav"]
[Result "1/2-1/2"]
[WhiteElo "1939"]
[BlackElo "1602"]
[EventRounds "5"]

1. e4 c5 2. Nf3 e6 3. d4 cxd4 4. Nxd4 Nc6 5. Nb5 d6 6. N1c3 a6 7. Nd4 Nf6 8.
Be3 Be7 9. Bd3 O-O 10. a4 Qc7 11. O-O Bd7 12. Qe2 Nb4 13. f4 d5 14. e5 Ne8 15.
Rad1 Nxd3 16. Rxd3 f6 17. Nf3 Bb4 18. Bd4 f5 19. Qf2 Be7 20. Bb6 Qc6 21. a5
Bd8 22. Bc5 Rf7 23. b4 Be7 24. Bxe7 Rxe7 25. Qe3 Qc8 26. Rfd1 Nc7 27. Qc5 Re8
28. Nd4 Rb8 {#d} 1/2-1/2

[Event "Hampstead U2200 July 2013"]
[Site "Hampstead, UK"]
[Date "2013.07.21"]
[Round "4"]
[White "Szucs, Zoltan"]
[Black "Joslin, Tim"]
[Result "0-1"]
[WhiteElo "1632"]
[BlackElo "1922"]
[EventRounds "5"]

1. e4 e6 2. d4 d5 3. Nd2 c5 4. exd5 exd5 5. dxc5 Bxc5 6. Bb5+ Nc6 7. Nb3 Bb6
8. Nf3 Bg4 9. O-O Nge7 10. Bg5 O-O 11. Re1 f6 12. Be3 d4 13. Nbxd4 Bxd4 14.
Bxd4 Bxf3 15. Qxf3 Qxd4 16. Qb3+ Kh8 17. Bd3 Ne5 18. Be4 Rfd8 19. c3 Qc5 20.
Qe6 Rd2 21. Re3 Rad8 22. h3 N7g6 23. Bxg6 hxg6 24. Rf1 Rxb2 25. Re4 g5 26. h4
g4 27. h5 g3 28. Rf4 Rxf2 29. R4xf2 Nd3 30. h6 gxf2+ 31. Kh1 Qh5+ 32. Qh3 Rd5
33. hxg7+ Kxg7 {#R} 0-1

[Event "Hampstead U2200 July 2013"]
[Site "Hampstead, UK"]
[Date "2013.07.21"]
[Round "4"]
[White "Pride, Stephen"]
[Black "Zhu, Richard"]
[Result "0-1"]
[WhiteElo "1819"]
[BlackElo "1622"]
[EventRounds "5"]

1. e4 e6 2. b3 d5 3. Bb2 dxe4 4. Nc3 b6 5. Nxe4 Bb7 6. d3 Nd7 7. Nf3 Ngf6 8.
Nxf6+ Nxf6 9. Be2 Bb4+ 10. c3 Bd6 11. Qc2 Qe7 12. h3 O-O 13. O-O Rad8 14. Nd2
c5 15. Rad1 Nd5 16. Bf3 Nf4 17. Ne4 f5 18. Ng5 Qxg5 19. Bxb7 Nxh3+ 20. Kh1 Qh4
21. g3 Nxf2+ 22. Kg1 Qxg3+ 23. Bg2 Nh3+ {#R} 0-1